| 000 | 00771am a2200277a 44500 | ||
|---|---|---|---|
| 003 | AR-BaBNM | ||
| 005 | 20251128210959.0 | ||
| 008 | 200513s1993 Arg|||||||||||000 | esp|| | ||
| 020 | _a950-9822-25-6 | ||
| 040 | _cAR-BaBNM | ||
| 100 | 1 | _aCargnelutti, Hugo Luis | |
| 245 | 1 | 0 |
_aSeguridad interamericana _b¿un subsistema del sistema interamericano? |
| 260 |
_aBuenos Aires _bCírculo Militar _c1993 |
||
| 300 |
_a192 p. _bgráfs. |
||
| 490 | 0 | _aBiblioteca del oficial | |
| 650 | 4 | _aARMONIA INTERNACIONAL | |
| 650 | 4 | _aCIENCIAS POLITICAS | |
| 650 | 4 | _aDOCTRINAS POLITICAS | |
| 650 | 4 | _aNACIONALISMO | |
| 650 | 4 | _aPOLITICA INTERNACIONAL | |
| 651 | 4 | _aEstados Unidos | |
| 651 | 4 | _aArgentina | |
| 651 | 4 | _aAmérica Latina | |
| 942 | _cBK | ||
| 998 | _cmariana | ||
| 999 |
_c17736 _d17736 |
||